| 000 | 01421nam a2200337Ia 4500 | ||
|---|---|---|---|
| 003 | OSt | ||
| 005 | 20221007121004.0 | ||
| 006 | a|||||r|||| 00| 0 | ||
| 007 | ta | ||
| 008 | 221006b |||||||| |||| 00| 0 eng d | ||
| 020 | _a9780879698676 (pbk) | ||
| 024 | _a84720 | ||
| 037 |
_b063, 18/08/2009, N R Book Distributors _cTextbook |
||
| 040 |
_aBDL _cBDL _beng |
||
| 041 |
_2eng _aeng |
||
| 082 | _aE92Z2g, P9 Carb | ||
| 100 |
_aSimpson Richard J Ed. _9434861 |
||
| 245 | 0 |
_aBasic methods in protein purification and analysis:a laboratory manual _b Adams Peter D Ed. Golemis Erica A Ed. |
|
| 260 |
_aNew _bYok Cold Spring Harbor Laboatory Press _c2009 |
||
| 300 |
_avii, 436p. _ccm. |
||
| 500 | _aIncludes bibliographical references.; Appendix 1-5, 347-423p.; Index 425-436p. | ||
| 650 |
_a Chromatography-methods-laboratory manuals _9710420 |
||
| 650 |
_a Electrophoresis-methods-laboratory manuals _9710421 |
||
| 650 |
_a Immunoprecipitation-methods-laboratory manuals _9710422 |
||
| 650 |
_a Poteins-analysis-laboratory manuals _9710423 |
||
| 650 |
_aProteins-isolation and purification-laboratory manual _9710424 |
||
| 700 |
_a Adams Peter D Ed. _9434862 |
||
| 700 |
_a Golemis Erica A Ed. _9434863 |
||
| 942 |
_hE92Z2g, P9 Carb _cTB _2CC |
||
| 999 |
_c1208288 _d1208288 |
||